Sme silní spoločným postupom Rozhovor s členom Výkonného výboru OOP Abu Ijádom

Bibliographic Details
Main Authors: Ijád, Abu (Author), Krajczár, Imre (Author)
Format: Article
Language:Slovak
Subjects:

MARC

LEADER 00000nab a2200000 a 4500
001 vtls000058057
003 SK-MaSNL
005 20260304052828.0
008 111103c1980 xo 0 slo
015 |a SNBRB19rr/mm-uuuuu 
035 |a CL0068154 
040 |a SNKBUCL  |b slo  |c SNKBUCL  |e AACR2 
041 0 |a slo 
044 |a xo  |c SK 
080 |a 329.7  |2 1981 
100 1 |a Ijád, Abu  |4 aut  |9 1336484 
245 1 0 |a Sme silní spoločným postupom  |b Rozhovor s členom Výkonného výboru OOP Abu Ijádom  |c Abu Ijád, Imre Krajczár 
650 0 7 |a Organizácia pre oslobodenie Palestíny  |2 snkbucl  |9 923179 
651 7 |a Palestína  |2 snkbucl  |9 68544 
655 7 |a články z novín a časopisov  |2 snkbucl  |9 267496 
700 1 |a Krajczár, Imre  |4 aut  |9 956236 
773 0 |t Pravda  |g Roč. 61, č. 111 (13. 5. 1980), s. 6 
850 |a Slovenská národná knižnica v Martine  |a MTA001 
852 |a SNK  |b KIS3GCP 
958 |a RK 
992 |a RBX 
999 |c 2710113  |d 2712043